| 000 | 00573nam a2200205Ia 4500 | ||
|---|---|---|---|
| 008 | 180207s9999 xx 000 0 und d | ||
| 020 | _a895656795 | ||
| 050 | _bM739 1988 | ||
| 100 | _aMoncure, Jane Belk | ||
| 245 | _aIce-cream cows and mitten sheep : | ||
| 245 | _ba book about what farms make / | ||
| 245 | _cby Jane Belk Moncure ; illustrated by Joy Friedman. | ||
| 260 | _aMinnesota : | ||
| 260 | _bThe Child's World, Inc., | ||
| 260 | _c1988 | ||
| 300 | _a31 pages : | ||
| 300 | _bchiefly colored ; | ||
| 300 | _c19cm. | ||
| 440 | _aMagic castle readers. | ||
| 999 |
_c355860 _d355860 |
||